Every My Chemical Romance Song - Statistics

General Stats
  • This quiz has been taken 76 times
  • The average score is 41 of 53
Answer Stats
Album Song % Correct
Three Cheers Helena
96%
The Black Parade Welcome to the Black Parade
96%
The Black Parade Blood
93%
The Black Parade The End
93%
Danger Days Na Na Na (Na Na Na Na Na Na Na Na Na)
91%
The Black Parade Cancer
89%
The Black Parade Famous Last Words
89%
The Black Parade Mama
89%
The Black Parade Dead
87%
The Black Parade House of Wolves
87%
Three Cheers I'm Not Okay (I Promise)
87%
The Black Parade Teenagers
87%
The Black Parade The Sharpest LIves
87%
The Black Parade I Don't Love You
85%
Danger Days SING
85%
The Black Parade Sleep
85%
Three Cheers Thank You for the Venom
85%
The Black Parade Disenchanted
84%
Three Cheers The Ghost of You
84%
Three Cheers Cemetery Drive
82%
I Brought You My Bullets Romance
80%
I Brought You My Bullets Demolition Lovers
78%
Three Cheers Give Em Hell, Kid
78%
Danger Days S/C/A/R/E/C/R/O/W
78%
The Black Parade This Is How I Disappear
78%
Three Cheers To the End
78%
Three Cheers You Know What They Do to Guys Like Us in Prison
78%
Three Cheers Interlude
76%
Danger Days Look Alive, Sunshine
76%
Danger Days Vampire Money
76%
I Brought You My Bullets Vampires Will Never Hurt You
76%
Danger Days Bulletproof Heart
73%
Danger Days Destroya
73%
Three Cheers The Jetset Life Is Gonna Kill You
73%
I Brought You My Bullets Headfirst for Halos
71%
Danger Days Summertime
71%
I Brought You My Bullets Cubicles
69%
Three Cheers Hang Em High
69%
Three Cheers I Never Told You What I Do for a Living
69%
I Brought You My Bullets Skylines and Turnstiles
69%
I Brought You My Bullets Honey, This Mirror Isn't Big Enough for the Two of Us
67%
I Brought You My Bullets Our Lady of Sorrows
67%
Danger Days Party Poison
65%
Danger Days The Kids from Yesterday
65%
I Brought You My Bullets Drowning Lessons
64%
Three Cheers It's Not a Fashion Statement, It's a Deathwish
64%
Danger Days Planetary (GO!)
64%
Danger Days Goodnite, Dr. Death
62%
Danger Days Save Yourself, I'll Hold Them Back
62%
I Brought You My Bullets Early Sunsets Over Monroeville
60%
Danger Days Jet-Star and the Kobra Kid/Traffic Report
58%
I Brought You My Bullets This Is the Best Day Ever
56%
Danger Days The Only Hope for Me Is You
55%
No matching quizzes found
Score Distribution
Percent of People with Each Score
Percentile by Number Answered
Your Score History
You have not taken this quiz